000 00590nam a22002057a 4500
005 20220712110657.0
008 220712b ||||| |||| 00| 0 eng d
040 _cAL
041 _aEnglish
082 _223
_a331.881
_bMAST
100 _aMahesh Kumar Mast
_948255
245 _aTrade union Movement in Indian Railways
260 _aMeerut
_bMeenakshi Prakashan
_c1969
300 _a210 p.
_bHB
_c21x14 cm.
365 _c
_d₹25.00
650 _aThe Movement Genesis and growth
_948256
650 _aLabour Policy
_948257
700 _aMAST (Mahesh Kumar)
_948258
942 _2ddc
_cGF
999 _c223706
_d223706